| 000 | 00412nam a2200133Ia 4500 | ||
|---|---|---|---|
| 003 | GCL | ||
| 008 | 140319s9999 xx 000 0 ara d | ||
| 040 |
_aGCL / _cGCL |
||
| 082 | 0 | 4 |
_a320.956 _bم ا |
| 245 | 1 | 0 | _aالاردن ومؤتمرات القمة . |
| 260 |
_a[S.N] : _bلجنة تاريخ الاردن ، _c1991 |
||
| 300 | _a72 ص | ||
| 490 |
_aسلسلة البحوث والدراسات المتخصصة _v0 |
||
| 999 |
_c35567 _d35567 |
||